State of Massachusetts-Bay. In the House of Representatives, 23d June, 1780 : Whereas His Excellency General Washington hath made a requisition upon this state for one thousand and twenty horses ... Resolved, that the agents appointed ... procure ... the number of good and serviceable horses allotted their respective towns in the schedule hereto annexed ... In Council, June 23, 1780. Read and concurred. ...

Bibliographic Details
Corporate Author: Massachusetts. General Court
Format: eBook
Language:English
Series:Early American imprints. Evans (1639-1800) ; no. 16860.
Subjects:
Online Access:Evans Digital Edition

MARC

Tag First Indicator Second Indicator Subfields
LEADER 00000cam a2200000 a 4500
001 in00002157521
006 m e d #
007 cr mn mmmmabba
008 810715s1780 mau s s000 0 eng d
005 20260330191830.5
035 |z w034195 
035 |a MAAR8107154416B 
035 |9 mwa91-41580 
035 |a 322411 
035 |a aas03034195 
040 |a MWA  |c MWA  |e bdrb  |d UtOrBLW 
110 1 |a Massachusetts.  |b General Court. 
245 1 0 |a State of Massachusetts-Bay. In the House of Representatives, 23d June, 1780 :  |b Whereas His Excellency General Washington hath made a requisition upon this state for one thousand and twenty horses ... Resolved, that the agents appointed ... procure ... the number of good and serviceable horses allotted their respective towns in the schedule hereto annexed ... In Council, June 23, 1780. Read and concurred. ... 
264 3 |a [Boston] :  |b [Printed by John Gill],  |c [1780] 
300 |a 1 sheet (2 unnumbered pages) ;  |c 38 x 25 cm. 
336 |a text  |b txt  |2 rdacontent 
337 |a computer  |b c  |2 rdamedia 
338 |a online resource  |b cr  |2 rdacarrier 
500 |a Imprint supplied by Evans. 
510 4 |a Evans  |c 16860 
510 4 |a Ford, W.C. Broadsides,  |c 2246 
510 4 |a Cushing, J.D. Mass. laws,  |c 1117 
530 |a Microform version available in the Readex Early American Imprints series. 
533 |a Electronic text and image data.  |b [Chester, Vt. :  |c Readex, a division of Newsbank, Inc.,  |d 2002-2004.  |e Includes files in TIFF, GIF and PDF formats with inclusion of keyword searchable text.  |f (Early American imprints. First series ; no. 16860). 
500 |a Electronic resource. 
610 1 0 |a United States.  |b Continental Army  |x Supplies and stores. 
650 0 |a Horses  |z Massachusetts. 
651 0 |a United States  |x History  |y Revolution, 1775-1783. 
752 |a United States  |b Massachusetts  |d Boston. 
830 0 |a Early American imprints.  |n Series I,  |p Evans (1639-1800) ;  |v no. 16860. 
856 4 1 |u http://proxy.library.tamu.edu/login?url=https://opac.newsbank.com/select/evans/16860  |y Evans Digital Edition  |t 0 
999 |a MARS 
999 f f |s bd06d177-ba3c-35e4-84f4-7f418f75c073  |i 11ddb58d-2527-33a5-9df0-10ece83992ff  |t 0 
952 f f |a Texas A&M University  |b College Station  |c Electronic Resources  |s www_evans  |d Available Online  |t 0  |h No information provided 
998 f f |t 0  |l Available Online